LEADER 01350nam0-2200361---450- 001 990008426230403321 005 20061124135629.0 010 $a88-240-2202-2 020 $aIT$b2004-10873 035 $a000842623 035 $aFED01000842623 035 $a(Aleph)000842623FED01 035 $a000842623 100 $a20061124d2004----km-y0itay50------ba 101 0 $aita 102 $aIT 105 $ay---n-----00yy 200 1 $aLesione delle situazioni giuridicamente protette e tutela giurisdizionale$eCatania, Aula magna dell'Universita, 24-25-26 aprile 2003$eatti del Convegno$fcomitato scientifico: Angelo Falzea ... et al.!$ga cura di Tino Cariola ... et al.! 210 $aRoma$cIstituto poligrafico e Zecca dello Stato, Libreria dello Stato$d2004 215 $aXI, 242 p.$d26 cm 225 1 $aRivista della Corte dei conti. Collana di studi di diritto pubblico economico 300 $aIn testa al front.: Provincia regionale di Catania ... et al.! 676 $a342.450664$v19$zita 676 $a342.45066$v21$zita 702 1$aFalzea,$bAngelo 702 1$aCariola,$bAgatino 801 0$aIT$bUNINA$gRICA$2UNIMARC 901 $aBK 912 $a990008426230403321 952 $aVI C 571$b7062$fDDA 959 $aDDA 996 $aLesione delle situazioni giuridicamente protette e tutela giurisdizionale$9727374 997 $aUNINA LEADER 04010 am 22006613u 450 001 9910263845703321 005 20231121051245.0 010 $a1-4426-9960-4 010 $a1-4875-1816-1 010 $a1-4426-9959-0 035 $a(CKB)3790000000538142 035 $a(OAPEN)645367 035 $a(DE-B1597)493868 035 $a(OCoLC)1030817360 035 $a(DE-B1597)9781442699595 035 $a(MiAaPQ)EBC5171116 035 $a(ScCtBLL)b71724ac-249f-41c6-bae8-f62385d727e8 035 $a(oapen)https://directory.doabooks.org/handle/20.500.12854/31652 035 $a(OCoLC)1325978921 035 $a(MdBmJHUP)musev2_109083 035 $a(EXLCZ)993790000000538142 100 $a20190516d2018 fg 101 0 $aeng 135 $auuuuu---auuuu 181 $ctxt$2rdacontent 182 $cc$2rdamedia 183 $acr$2rdacarrier 200 00$aMarking Time $eRomanticism and Evolution /$fJoel Faflak 210 $cUniversity of Toronto Press$d2018 210 1$aToronto : $cUniversity of Toronto Press, $d[2018] 210 4$dİ2017 215 $a1 online resource 311 $a1-4426-4430-3 327 $aIntroduction. Marking time : romanticism and evolution / Joel Faflak -- Part one: Romanticism's Darwin. 1. Plants, analogy, and perfection : loose and strict analogies / Gillian Beer ; 2. Darwin and the mobility of species / Alan Bewell ; 3. Darwin's ideas [ideas in strikethrough text] / Matthew Rowlinson -- Part two: Romantic temporalities. 4. Deep time in the South Pacific : scientific voyaging and the ancient/primitive analogy / Noah Heringman ; 5. Malthus our contemporary? : toward a political economy of sex / Maureen N. McLane -- Part three: Goethe and the contingencies of life. 6. Structure and advancement in Goethe's morphology / Ga?bor A?ron Zemplen ; 7. Vertiginous life : Goethe, bones, and Italy / Andrew Piper ; 8. Taking chances / Theresa M. Kelley -- Part four: Evolutionary idealisms. 9. Did Goethe and Schelling endorse species evolution? / Robert J. Richards ; 10. The vitality of idealism : life and evolution in Schelling's and Hegel's systems / Tilottama Rajan ; 11. Degeneration : inversions of teleology / Joan Steigerwald. 330 $a"Victorian studies scholars have long studied the impact of Charles Darwin's writings on nineteenth-century culture. However, few have ventured to examine the precursors to the ideas of Darwin and others in the Romantic period. 'Marking time', edited by Joel Faflak, analyses prevailing notions of evolution by tracing its origins to the literary, scientific, and philosophical discourses of the long nineteenth century. The volume's contributors revisit key developments in the history of evolution prior to 'On the origin of species' and explore British and European Romanticism's negotiation between the classic idea of a great immutable chain of being and modern notions of historical change. 'Marking time' reveals how Romantic and post-Romantic configurations of historical, socio-cultural, scientific, and philosophical transformation continue to exert a profound influence on critical and cultural thought."--The dustjacket 606 $aEvolution (Biology) in literature 606 $aEvolution (Biology)$xPhilosophy 606 $aLITERARY CRITICISM / Modern / 19th Century $2bisacsh 608 $aHistory.$2fast 610 $aLiterature 610 $aCharles Darwin 610 $aEvolution 610 $aFriedrich Wilhelm Joseph Schelling 610 $aImmanuel Kant 610 $aJohann Wolfgang von Goethe 610 $aThomas Robert Malthus 615 0$aEvolution (Biology) in literature. 615 0$aEvolution (Biology)$xPhilosophy. 615 7$aLITERARY CRITICISM / Modern / 19th Century . 676 $a809/.933609034 700 $aFaflak$b Joel$4auth$0993147 702 $aFaflak$b Joel, 801 0$bDE-B1597 801 1$bDE-B1597 906 $aBOOK 912 $a9910263845703321 996 $aMarking Time$93402627 997 $aUNINA LEADER 01784nam 2200565 a 450 001 9910967185003321 005 20250416110531.0 010 $a9781607801450 010 $a1607801450 035 $a(CKB)2560000000010353 035 $a(EBL)535670 035 $a(OCoLC)645093750 035 $a(SSID)ssj0000672601 035 $a(PQKBManifestationID)11402561 035 $a(PQKBTitleCode)TC0000672601 035 $a(PQKBWorkID)10635440 035 $a(PQKB)10262009 035 $a(MiAaPQ)EBC535670 035 $a(Au-PeEL)EBL535670 035 $a(CaPaEBR)ebr10389296 035 $a(FR-PaCSA)45005112 035 $a(FRCYB45005112)45005112 035 $a(EXLCZ)992560000000010353 100 $a20100811h20101993 uy 0 101 0 $aeng 135 $aur|n|---||||| 181 $ctxt 182 $cc 183 $acr 200 10$aBulgaria /$fWorld Trade Press 205 $a2nd ed. 210 $aPetaluma, Calif. $cWorld Trade Press$dc1993-2010 [2010] 215 $a1 online resource (7 p.) 225 0 $aWomen in culture, business, & travel 300 $aCover title. 330 $aWomen often occupy different roles in a foreign culture. Avoid offensive assumptions and behavior by understanding the position of women in Bulgarian society: their legal rights; access to education and health care; workforce participation; and their dating, marriage, and family life. 606 $aWomen$zBulgaria 606 $aWomen travelers$zBulgaria 606 $aBusinesswomen$zBulgaria 615 0$aWomen 615 0$aWomen travelers 615 0$aBusinesswomen 676 $a305.42/09/05 801 0$bMiAaPQ 801 1$bMiAaPQ 801 2$bMiAaPQ 906 $aBOOK 912 $a9910967185003321 996 $aBulgaria$9674720 997 $aUNINA